[Event "8. Open Bali sub-2000"]
[Site "Benidorm ESP"]
[Date "2009.12.06"]
[Round "9.13"]
[White "Nadal Bestard, Sebastia"]
[Black "Martinez Hernandez, Javier"]
[Result "0-1"]
[WhiteElo "1866"]
[BlackElo "1988"]
[PlyCount "108"]
[EventDate "2009.11.28"]
[EventType "swiss"]
[EventRounds "10"]
[EventCountry "ESP"]
[Source "lmi"]
[SourceDate "2009.11.28"]

1. c4 Nf6 2. Nc3 g6 3. g3 Bg7 4. Bg2 O-O 5. Nf3 d6 6. d4 Na6 7. O-O c5 8. b3
Rb8 9. Bb2 Bd7 10. Re1 Qc8 11. Rc1 Rd8 12. e4 cxd4 13. Nxd4 Nc5 14. Nd5 Kf8 15.
b4 Ne6 16. Nb5 Bxb5 17. cxb5 Qd7 18. Nxf6 Bxf6 19. Bxf6 exf6 20. a4 Rbc8 21.
Qd5 Rc7 22. Bh3 Rdc8 23. Rxc7 Rxc7 24. Kg2 h5 25. Rd1 Ke7 26. f4 Rc2+ 27. Rd2
Rc3 28. f5 Ng5 29. e5 Kf8 30. Qd4 Rc1 31. e6 Qe7 32. exf7 Kxf7 33. fxg6+ Kxg6
34. Rf2 Rg1+ 35. Kxg1 Nxh3+ 36. Kg2 Nxf2 37. Kxf2 b6 38. a5 Qe5 39. Qc4 d5 40.
Qc6 d4 41. axb6 Qe3+ 42. Kg2 axb6 43. Qc2+ d3 44. Qf2 Qe4+ 45. Kg1 Qxb4 46. Qe3
Qb1+ 47. Kf2 Qc2+ 48. Kf3 d2 49. Qe8+ Kf5 50. Qxh5+ Ke6 51. Qg4+ Kd6 52. Qd4+
Ke6 53. Qxb6+ Kf7 54. Qb7+ Kg6 0-1

[Event "8. Open Bali sub-2000"]
[Site "Benidorm ESP"]
[Date "2009.12.06"]
[Round "9.14"]
[White "Castillo Pla, Emilio"]
[Black "Woods, Connor"]
[Result "0-1"]
[WhiteElo "1957"]
[BlackElo "1996"]
[PlyCount "58"]
[EventDate "2009.11.28"]
[EventType "swiss"]
[EventRounds "10"]
[EventCountry "ESP"]
[Source "lmi"]
[SourceDate "2009.11.28"]

1. e4 c5 2. c3 Nf6 3. e5 Nd5 4. d4 cxd4 5. cxd4 e6 6. Nc3 b6 7. Nxd5 exd5 8.
Qb3 Bb7 9. Nf3 Be7 10. Bd3 Nc6 11. Bd2 d6 12. exd6 Qxd6 13. O-O O-O 14. Rfe1
Bf6 15. Bc3 Rfe8 16. Rad1 Rad8 17. h3 g6 18. g3 Bc8 19. Kh2 h5 20. Bb5 a6 21.
Bxc6 Qxc6 22. Ne5 Bxe5 23. dxe5 Qe6 24. Bd4 Qxh3+ 25. Kg1 Bg4 26. Rc1 b5 27.
Qe3 Re6 28. Qg5 Bf3 29. Qxd8+ Kh7 0-1

[Event "8. Open Bali sub-2000"]
[Site "Benidorm ESP"]
[Date "2009.12.06"]
[Round "9.15"]
[White "Patino Andreu, Ramon"]
[Black "Mogro Flores, Simon"]
[Result "1-0"]
[WhiteElo "1992"]
[BlackElo "1959"]
[PlyCount "85"]
[EventDate "2009.11.28"]
[EventType "swiss"]
[EventRounds "10"]
[EventCountry "ESP"]
[Source "lmi"]
[SourceDate "2009.11.28"]

1. e4 c6 2. d4 d5 3. Nc3 dxe4 4. Nxe4 Nd7 5. Bc4 e6 6. Nf3 Ngf6 7. Nxf6+ Nxf6
8. O-O Be7 9. Re1 O-O 10. c3 b6 11. Ne5 Bb7 12. Qf3 Nd5 13. Qh3 Bg5 14. Bd3 g6
15. Qg3 Bxc1 16. Raxc1 Qe7 17. Re4 Rad8 18. Rh4 Qf6 19. Ng4 Qg7 20. Qf3 f5 21.
Ne5 c5 22. Qg3 Nf6 23. Qg5 cxd4 24. cxd4 Rc8 25. Re1 Be4 26. Bc4 Bd5 27. b3 Ne4
28. Qe3 Rc7 29. f3 Nf6 30. Qg5 Rfc8 31. Rh6 Nd7 32. Bxd5 Nxe5 33. Bxe6+ Nf7 34.
d5 Kf8 35. Bxf7 Qxf7 36. Qd2 Rc2 37. Qd4 Qg7 38. Qf4 Rxa2 39. Qd6+ Kg8 40. Qe6+
Qf7 41. Qxc8+ Kg7 42. Rh3 Qxd5 43. Qc3+ 1-0

[Event "8. Open Bali sub-2000"]
[Site "Benidorm ESP"]
[Date "2009.12.06"]
[Round "9.37"]
[White "Perez Garcia, Jose Miguel"]
[Black "Sos Andreu, Erik"]
[Result "1-0"]
[WhiteElo "1977"]
[BlackElo "1901"]
[PlyCount "37"]
[EventDate "2009.11.28"]
[EventType "swiss"]
[EventRounds "10"]
[EventCountry "ESP"]
[Source "lmi"]
[SourceDate "2009.11.28"]

1. e4 c5 2. Nf3 d6 3. d4 cxd4 4. Qxd4 Nc6 5. Bb5 Bd7 6. Bxc6 Bxc6 7. Nc3 Nf6 8.
Bg5 e6 9. O-O-O Be7 10. Rhe1 Qc7 11. Qd3 Rd8 12. Nd4 a6 13. f4 O-O 14. Kb1 b5
15. f5 b4 16. Qc4 bxc3 17. Qxc6 Qb8 18. Qxc3 Nd5 19. exd5 1-0

[Event "8. Open Bali sub-2000"]
[Site "Benidorm ESP"]
[Date "2009.12.06"]
[Round "9.50"]
[White "Ayza Casamitjana, Antoni"]
[Black "Ledo Galan, Jose Emilio"]
[Result "0-1"]
[WhiteElo "1880"]
[BlackElo "1983"]
[PlyCount "34"]
[EventDate "2009.11.28"]
[EventType "swiss"]
[EventRounds "10"]
[EventCountry "ESP"]
[Source "lmi"]
[SourceDate "2009.11.28"]

1. e4 c5 2. a3 g6 3. d4 cxd4 4. Qxd4 Nf6 5. e5 Nc6 6. Qc3 Ne4 7. Qe3 Qa5+ 8.
Nd2 Nxd2 9. Bxd2 Qxe5 10. Qxe5 Nxe5 11. Bc3 f6 12. f4 Nc6 13. g4 d5 14. Nf3
Bxg4 15. Bg2 Bh6 16. O-O Bxf4 17. Nd4 Be3+ 0-1

[Event "8. Open Bali sub-2000"]
[Site "Benidorm ESP"]
[Date "2009.12.06"]
[Round "9.52"]
[White "Laurentiu, Burlacu"]
[Black "Moran Llera, Jose Angel"]
[Result "1-0"]
[WhiteElo "1968"]
[BlackElo "1870"]
[PlyCount "33"]
[EventDate "2009.11.28"]
[EventType "swiss"]
[EventRounds "10"]
[EventCountry "ESP"]
[Source "lmi"]
[SourceDate "2009.11.28"]

1. e4 d6 2. Bc4 Nf6 3. d3 g6 4. f4 Bg7 5. Nf3 O-O 6. O-O c6 7. e5 dxe5 8. fxe5
Qb6+ 9. d4 Nd5 10. Kh1 a5 11. c3 Qc7 12. a4 Na6 13. Na3 e6 14. Qe1 Bd7 15. Bg5
Rae8 16. Qh4 Ne7 17. Bxe7 1-0

[Event "8. Open Bali sub-2000"]
[Site "Benidorm ESP"]
[Date "2009.12.06"]
[Round "9.77"]
[White "Blanco Blanco, Jesus"]
[Black "Ventura Rius, Andreu"]
[Result "0-1"]
[WhiteElo "1804"]
[BlackElo "1903"]
[PlyCount "46"]
[EventDate "2009.11.28"]
[EventType "swiss"]
[EventRounds "10"]
[EventCountry "ESP"]
[Source "lmi"]
[SourceDate "2009.11.28"]

1. d4 Nf6 2. c4 c5 3. d5 b5 4. cxb5 a6 5. bxa6 Bxa6 6. g3 g6 7. Bg2 d6 8. Nf3
Bg7 9. O-O O-O 10. Re1 Nbd7 11. e4 Ng4 12. Qc2 Qb6 13. Nbd2 Rfb8 14. h3 Nge5
15. Nxe5 Nxe5 16. Re3 c4 17. Rb1 Bh6 18. Ra3 Bg7 19. b3 c3 20. Bf1 cxd2 21. Bb2
Nf3+ 22. Kh1 Qxf2 23. Bg2 Ne1 0-1

[Event "8. Open Bali sub-2000"]
[Site "Benidorm ESP"]
[Date "2009.12.07"]
[Round "10.3"]
[White "Bote Kobolo, Benjamin"]
[Black "Dimitrijevic, Dragan"]
[Result "0-1"]
[PlyCount "94"]
[EventDate "2009.11.28"]
[EventType "swiss"]
[EventRounds "10"]
[EventCountry "ESP"]
[Source "lmi"]
[SourceDate "2009.11.28"]
[WhiteElo "1952"]
[BlackElo "1979"]

1. e4 c5 2. Nc3 e6 3. Nf3 d6 4. Bc4 Nf6 5. d3 Be7 6. O-O a6 7. e5 dxe5 8. Nxe5
Qc7 9. Bf4 Bd6 10. Re1 Nc6 11. Qe2 Nd4 12. Qd2 Nh5 13. Nd5 exd5 14. Ng6+ Be6
15. Bxd6 Qxd6 16. Nxh8 dxc4 17. c3 Nc6 18. Qg5 g6 19. dxc4 Qe7 20. Qd2 Qf6 21.
Qd6 Qe7 22. Qd2 Kf8 23. Qh6+ Kg8 24. g4 Nf6 25. f3 Qf8 26. Qf4 Qg7 27. Nxg6
hxg6 28. Qc7 Rb8 29. Qf4 g5 30. Qd6 Qf8 31. Qd2 Nh7 32. Re4 Rd8 33. Qe3 Qd6 34.
Re1 b6 35. Re2 Ne7 36. h4 Qg3+ 37. Kf1 Rd1+ 38. Re1 Rxe1+ 39. Qxe1 Qxf3+ 40.
Kg1 gxh4 41. Rxe6 Qxg4+ 42. Kh2 fxe6 43. Qf2 Qg3+ 44. Qxg3+ hxg3+ 45. Kxg3 Nf6
46. Kf3 Kf7 47. a4 a5 0-1

[Event "8. Open Bali sub-2000"]
[Site "Benidorm ESP"]
[Date "2009.12.07"]
[Round "10.4"]
[White "Maza Broto, Pablo"]
[Black "Oliva Llorens, Antoni"]
[Result "1-0"]
[PlyCount "55"]
[EventDate "2009.11.28"]
[EventType "swiss"]
[EventRounds "10"]
[EventCountry "ESP"]
[Source "lmi"]
[SourceDate "2009.11.28"]
[WhiteElo "1990"]
[BlackElo "1973"]

1. d4 Nf6 2. Bg5 e6 3. e4 Be7 4. Bxf6 Bxf6 5. Nf3 d5 6. e5 Be7 7. Bd3 c5 8. c3
cxd4 9. cxd4 Nc6 10. Nc3 a6 11. O-O Nb4 12. Bb1 Bd7 13. a3 Nc6 14. Re1 b5 15.
Ne2 Qb6 16. Nf4 g6 17. Ba2 O-O 18. h4 Qd8 19. g3 b4 20. Qd3 bxa3 21. bxa3 Na5
22. h5 Bb5 23. Qe3 Nc4 24. Bxc4 Bxc4 25. hxg6 hxg6 26. Kg2 Kg7 27. Rh1 Qb6 28.
Nxd5 1-0

[Event "8. Open Bali sub-2000"]
[Site "Benidorm ESP"]
[Date "2009.12.07"]
[Round "10.6"]
[White "Kostadinov, Kaloyan"]
[Black "Munuera Sanchez, Jorge Juan"]
[Result "0-1"]
[WhiteElo "1979"]
[BlackElo "1985"]
[PlyCount "71"]
[EventDate "2009.11.28"]
[EventType "swiss"]
[EventRounds "10"]
[EventCountry "ESP"]
[Source "lmi"]
[SourceDate "2009.11.28"]

1. b3 e5 2. e3 d5 3. Bb2 Bd6 4. Nf3 Qe7 5. d4 e4 6. Nfd2 f5 7. g3 Nf6 8. c4 c6
9. Nc3 Be6 10. a3 Nbd7 11. b4 a6 12. Qc2 O-O 13. Ne2 g5 14. h4 f4 15. gxf4 gxf4
16. Bh3 fxe3 17. fxe3 Bxh3 18. Rxh3 Qe6 19. Rh1 Ng4 20. Qb3 Nf2 21. Rg1+ Kh8
22. Rg2 Qh3 23. Rxf2 Rxf2 24. Ng1 Qg2 25. O-O-O Rxd2 26. Rxd2 Qxg1+ 27. Rd1 Qg8
28. Qc2 Rf8 29. cxd5 cxd5 30. Kb1 Nb6 31. Qe2 Nc4 32. Bc1 Qf7 33. Qg4 Qf3 34.
Qg1 Rg8 35. Qe1 Rg2 36. h5 0-1

[Event "8. Open Bali sub-2000"]
[Site "Benidorm ESP"]
[Date "2009.12.07"]
[Round "10.7"]
[White "Torras Campdelacreu, Xavier"]
[Black "Cirjan, Daniel"]
[Result "1/2-1/2"]
[WhiteElo "1962"]
[BlackElo "1981"]
[PlyCount "76"]
[EventDate "2009.11.28"]
[EventType "swiss"]
[EventRounds "10"]
[EventCountry "ESP"]
[Source "lmi"]
[SourceDate "2009.11.28"]

1. d4 f5 2. Bg5 g6 3. e3 Bg7 4. c3 Nf6 5. Bd3 d5 6. Bxf6 Bxf6 7. Ne2 Nc6 8. f4
Be6 9. Nd2 O-O 10. Nf3 a5 11. a4 Nb8 12. Ne5 Bf7 13. h3 Qc8 14. Ng1 Bh4+ 15.
Kd2 c5 16. Ngf3 Bf6 17. g4 Be6 18. g5 cxd4 19. exd4 Bg7 20. h4 Bf7 21. Qe2 Nc6
22. Nxf7 Rxf7 23. h5 Qc7 24. Ne5 Bxe5 25. fxe5 e6 26. hxg6 hxg6 27. Rh6 Rg7 28.
Rah1 Kf7 29. Rh7 Rag8 30. R1h6 Rxh7 31. Rxh7+ Rg7 32. Qh2 Ne7 33. Qh6 Rxh7 34.
Qxh7+ Ke8 35. Be2 Qd8 36. Bb5+ Kf8 37. Qh8+ Ng8 38. Qh7 Ne7 1/2-1/2

[Event "8. Open Bali sub-2000"]
[Site "Benidorm ESP"]
[Date "2009.12.07"]
[Round "10.9"]
[White "Woods, Connor"]
[Black "Trabazos Gallego, Javier"]
[Result "1/2-1/2"]
[WhiteElo "1996"]
[BlackElo "1969"]
[PlyCount "48"]
[EventDate "2009.11.28"]
[EventType "swiss"]
[EventRounds "10"]
[EventCountry "ESP"]
[Source "lmi"]
[SourceDate "2009.11.28"]

1. Nf3 d5 2. c4 c6 3. Qc2 Nf6 4. e3 Bg4 5. Ne5 Nbd7 6. Nxg4 Nxg4 7. cxd5 cxd5
8. Nc3 e6 9. Be2 Ngf6 10. d4 Be7 11. O-O O-O 12. e4 dxe4 13. Nxe4 Rc8 14. Nxf6+
Bxf6 15. Qe4 Qb6 16. Be3 Qc6 17. Bd3 Qxe4 18. Bxe4 Nb6 19. b3 Nd5 20. Bxd5 exd5
21. Rac1 h6 22. f3 Rfe8 23. Kf2 b6 24. Rfe1 Kh7 1/2-1/2

[Event "8. Open Bali sub-2000"]
[Site "Benidorm ESP"]
[Date "2009.12.07"]
[Round "10.10"]
[White "Helin, Mikael"]
[Black "Patino Andreu, Ramon"]
[Result "0-1"]
[WhiteElo "1967"]
[BlackElo "1992"]
[PlyCount "58"]
[EventDate "2009.11.28"]
[EventType "swiss"]
[EventRounds "10"]
[EventCountry "ESP"]
[Source "lmi"]
[SourceDate "2009.11.28"]

1. e4 e5 2. Nc3 Nc6 3. f4 exf4 4. Nf3 Be7 5. Bc4 d6 6. d4 Nf6 7. O-O Bg4 8.
Bxf4 O-O 9. h3 Bh5 10. g4 Bg6 11. Nh4 Bxe4 12. Nxe4 Nxe4 13. Nf5 d5 14. Bb3 Bg5
15. Qf3 g6 16. Bxg5 Nxg5 17. Qe3 Re8 18. Qd2 gxf5 19. Kg2 Ne4 20. Qf4 Nxd4 21.
gxf5 Qg5+ 22. Qg4 Qxg4+ 23. hxg4 Nxb3 24. axb3 f6 25. Rad1 Rad8 26. b4 Ng5 27.
Rd3 Re4 28. Kg3 Rxb4 29. b3 Re4 0-1

[Event "8. Open Bali sub-2000"]
[Site "Benidorm ESP"]
[Date "2009.12.07"]
[Round "10.11"]
[White "Martinez Hernandez, Javier"]
[Black "Torino, Caballero Luis"]
[Result "0-1"]
[WhiteElo "1988"]
[BlackElo "1954"]
[PlyCount "133"]
[EventDate "2009.11.28"]
[EventType "swiss"]
[EventRounds "10"]
[EventCountry "ESP"]
[Source "lmi"]
[SourceDate "2009.11.28"]

1. d4 Nf6 2. Nf3 g6 3. c4 Bg7 4. Nc3 O-O 5. e4 d6 6. Be2 e5 7. dxe5 dxe5 8.
Qxd8 Rxd8 9. Bg5 c6 10. O-O Bg4 11. Rfd1 Na6 12. h3 Bxf3 13. Bxf3 Nb4 14. Rac1
Nd3 15. Rc2 Nc5 16. Rcd2 Ne6 17. Be3 b6 18. Kf1 Rxd2 19. Rxd2 Rd8 20. Rxd8+
Nxd8 21. Bd1 Kf8 22. a4 Ke7 23. a5 bxa5 24. Bxa7 Kd7 25. Bb6 Nb7 26. Ba4 Kd6
27. f3 Nd7 28. Be3 Bf6 29. Bc2 Be7 30. Ke2 Kc7 31. Na4 Bc5 32. Nxc5 Ndxc5 33.
b3 f6 34. Bd2 Ne6 35. Bd1 g5 36. g3 c5 37. Ke3 Kd6 38. Kf2 h6 39. h4 h5 40. f4
g4 41. fxe5+ fxe5 42. Bc3 Ned8 43. Ke3 Ke6 44. Kd3 Nc6 45. Kc2 Nbd8 46. Kb2 Nb4
47. Bc2 Ndc6 48. Bd1 Nd4 49. Ka3 Kd6 50. Ka4 Ndc6 51. Kb5 Na2 52. Bd2 Nab4 53.
Kb6 Nd3 54. Be3 Nd4 55. Kxa5 Kc6 56. Bxd4 exd4 57. Be2 Ne5 58. b4 d3 59. b5+
Kb7 60. Bxd3 Nxd3 61. Ka4 Kb6 62. Kb3 Nc1+ 63. Kc2 Ne2 64. Kd2 Nxg3 65. Ke3
Nf1+ 66. Ke2 Nh2 67. e5 0-1

[Event "8. Open Bali sub-2000"]
[Site "Benidorm ESP"]
[Date "2009.12.07"]
[Round "10.12"]
[White "Zamora Soler, Raul"]
[Black "Muniz Giron, Carlos"]
[Result "1/2-1/2"]
[WhiteElo "1988"]
[BlackElo "1937"]
[PlyCount "73"]
[EventDate "2009.11.28"]
[EventType "swiss"]
[EventRounds "10"]
[EventCountry "ESP"]
[Source "lmi"]
[SourceDate "2009.11.28"]

1. e4 e5 2. Nf3 Nc6 3. d4 exd4 4. Nxd4 Nf6 5. Nxc6 bxc6 6. Bd3 d5 7. exd5 cxd5
8. O-O Be7 9. Bg5 O-O 10. Nc3 c6 11. Re1 Re8 12. Rb1 Be6 13. a3 Nd7 14. Bxe7
Rxe7 15. b4 Re8 16. Qd2 Nf6 17. Na4 Qc7 18. Nc5 Bd7 19. c3 Rxe1+ 20. Rxe1 Re8
21. Rxe8+ Bxe8 22. Qe3 Kf8 23. f3 h6 24. g3 Nd7 25. Kf2 Nxc5 26. Qxc5+ Qe7 27.
Qxe7+ Kxe7 28. Ke3 Kd6 29. Kd4 Bd7 30. a4 Bc8 31. c4 dxc4 32. Bxc4 f6 33. f4
Bf5 34. a5 Bd7 35. Bf1 Bf5 36. Bc4 Bd7 37. Bf1 1/2-1/2

[Event "8. Open Bali sub-2000"]
[Site "Benidorm ESP"]
[Date "2009.12.07"]
[Round "10.13"]
[White "Radu, Andrei"]
[Black "Machado Hernandez, Junior"]
[Result "0-1"]
[WhiteElo "1940"]
[BlackElo "1975"]
[PlyCount "104"]
[EventDate "2009.11.28"]
[EventType "swiss"]
[EventRounds "10"]
[EventCountry "ESP"]
[Source "lmi"]
[SourceDate "2009.11.28"]

1. d4 Nf6 2. c4 e6 3. a3 d5 4. Nc3 dxc4 5. Bg5 c5 6. e3 cxd4 7. exd4 Nc6 8. Nf3
Be7 9. Bxc4 O-O 10. O-O Nd5 11. Bxe7 Ncxe7 12. Re1 Nxc3 13. bxc3 Qc7 14. Qd3
Ng6 15. Ba2 b6 16. Re3 Qf4 17. h4 Qg4 18. Ne5 Nxe5 19. Rxe5 Qxh4 20. Rae1 Bb7
21. R1e3 g6 22. Bb1 Rfd8 23. Rh3 Qf4 24. Qe3 Qxe3 25. fxe3 Rac8 26. e4 Rc4 27.
Rb5 Rdc8 28. Rb3 R4c7 29. Kf2 f5 30. exf5 exf5 31. Bd3 Rxc3 32. Rxc3 Rxc3 33.
Bxf5 Rxh3 34. Bxh3 Kf7 35. Ke3 Bd5 36. g3 Kf6 37. Kf4 a5 38. Bc8 h5 39. Bd7 g5+
40. Ke3 Bc4 41. Be8 h4 42. gxh4 gxh4 43. Kf4 h3 44. Kg3 Bf1 45. Bc6 Ke6 46. Kf2
Bg2 47. Bb5 Kd5 48. Ba4 Kxd4 49. Bd1 b5 50. Kg3 Kc3 51. Kh2 Kb2 52. a4 b4 0-1

[Event "8. Open Bali sub-2000"]
[Site "Benidorm ESP"]
[Date "2009.12.07"]
[Round "10.14"]
[White "Fernandez Seco, Julian"]
[Black "Rodriguez, Marcos Jose"]
[Result "0-1"]
[WhiteElo "1962"]
[BlackElo "1999"]
[PlyCount "91"]
[EventDate "2009.11.28"]
[EventType "swiss"]
[EventRounds "10"]
[EventCountry "ESP"]
[Source "lmi"]
[SourceDate "2009.11.28"]

1. e4 c5 2. Nf3 d6 3. d4 cxd4 4. Nxd4 Nf6 5. Nc3 a6 6. Bg5 e6 7. f4 Qc7 8. Qf3
Be7 9. O-O-O Nbd7 10. g4 b5 11. Bd3 Bb7 12. Bxf6 Nxf6 13. g5 Nd7 14. Rhe1 b4
15. Nce2 Nc5 16. Kb1 Rc8 17. Rc1 O-O 18. h4 f5 19. gxf6 Bxf6 20. Qg4 Rfe8 21.
f5 d5 22. exd5 exd5 23. Nf3 Ne4 24. Qf4 Qb6 25. h5 Nc3+ 26. Nxc3 bxc3 27. b3 d4
28. Be4 Qc5 29. Ka1 Bxe4 30. Rxe4 d3 31. b4 Qc6 32. Ne5 Bxe5 33. Rxe5 Rxe5 34.
Qxe5 Re8 35. Qg3 d2 36. Rg1 Qd7 37. Rd1 Qd4 38. h6 Qe5 39. Qg2 Qf6 40. Qd5+ Qf7
41. Qg2 Re1 42. Qa8+ Qe8 43. Qd5+ Kh8 44. hxg7+ Kxg7 45. Qd4+ Qe5 46. Qf4 0-1

[Event "8. Open Bali sub-2000"]
[Site "Benidorm ESP"]
[Date "2009.12.07"]
[Round "10.15"]
[White "Arroyo Rodriguez, Jesus"]
[Black "Rios Torondell, Jaume"]
[Result "1-0"]
[WhiteElo "1994"]
[BlackElo "1961"]
[PlyCount "43"]
[EventDate "2009.11.28"]
[EventType "swiss"]
[EventRounds "10"]
[EventCountry "ESP"]
[Source "lmi"]
[SourceDate "2009.11.28"]

1. e4 e6 2. d4 d5 3. exd5 exd5 4. Nf3 Nc6 5. Bd3 Bd6 6. c3 Nge7 7. Qc2 Bg4 8.
Be3 Bxf3 9. gxf3 Qd7 10. Nd2 O-O-O 11. O-O-O Kb8 12. h4 h5 13. f4 g6 14. Nf3
Nf5 15. Ne5 Bxe5 16. Bxf5 Qxf5 17. Qxf5 gxf5 18. fxe5 Rhg8 19. Bg5 Rde8 20. Rd3
Nxe5 21. dxe5 Rxe5 22. Rhd1 1-0

[Event "8. Open Bali sub-2000"]
[Site "Benidorm ESP"]
[Date "2009.12.07"]
[Round "10.53"]
[White "Tudela Martinez, Pedro"]
[Black "Rubio Trigueros, Jose Luis"]
[Result "1-0"]
[WhiteElo "1938"]
[BlackElo "1883"]
[PlyCount "38"]
[EventDate "2009.11.28"]
[EventType "swiss"]
[EventRounds "10"]
[EventCountry "ESP"]
[Source "lmi"]
[SourceDate "2009.11.28"]

1. e4 c5 2. Nf3 d6 3. d4 cxd4 4. c3 dxc3 5. Nxc3 Nc6 6. Bc4 e6 7. O-O Nf6 8.
Qe2 Be7 9. Rd1 e5 10. h3 O-O 11. Be3 Be6 12. Bb5 Qa5 13. Bd2 Qc7 14. Rac1 a6
15. Bc4 b5 16. Bd5 Bd7 17. Bxc6 Bxc6 18. Nd5 Qb7 19. Nxe7+ Kh8 1-0